000 00322nam a2200121Ia 4500
005 20251222144907.0
008 251222s9999||||xx |||||||||||||| ||spa||
082 _a985.02/B95/1998
100 _aBusto Duthurburu, José Antonio del
245 0 _aTres Ensayos Peruanistas
264 _bInstituto Riva Agüero
942 _cLIB
999 _c22189
_d22189